Statistics for Formula 1 World Constructors' Championship - Second place

Click here to take the quiz!

General Stats

  • This quiz has been taken 192 times
    (13 since last reset)
  • The average score is 43 of 66

Answer Stats

SeasonRunner-up% Correct
2001McLaren
100%
2000McLaren
100%
1996Ferrari
88%
1998Ferrari
88%
1997Ferrari
88%
1958Ferrari
88%
1999McLaren
88%
2003Williams
88%
2002Williams
88%
1978Ferrari
75%
1974Ferrari
75%
1966Ferrari
75%
1959Ferrari
75%
1977Lotus
75%
1993McLaren
75%
1976McLaren
75%
1992McLaren
75%
2004BAR
63%
1994Benetton
63%
1975Brabham
63%
1985Ferrari
63%
2017Ferrari
63%
1990Ferrari
63%
1988Ferrari
63%
1984Ferrari
63%
2018Ferrari
63%
2022Ferrari
63%
2006Ferrari
63%
2015Ferrari
63%
1970Ferrari
63%
2012Ferrari
63%
2019Ferrari
63%
1961Lotus
63%
1960Lotus
63%
1962Lotus
63%
2005McLaren
63%
1987McLaren
63%
1986McLaren
63%
1982McLaren
63%
2010McLaren
63%
2011McLaren
63%
1968McLaren
63%
2008McLaren
63%
2013Mercedes
63%
2023Mercedes
63%
2021Red Bull
63%
2020Red Bull
63%
2016Red Bull
63%
2014Red Bull
63%
2009Red Bull
63%
1973Tyrrell
63%
1995Williams
63%
1989Williams
63%
1991Williams
63%
1979Williams
63%
1981Brabham
50%
1965BRM
50%
1964BRM
50%
1963BRM
50%
1967Lotus
50%
1983Renault
50%
1972Tyrrell
50%
1969Brabham
38%
1971BRM
38%
1980Ligier
38%
2007BMW Sauber
13%

Score Distribution

Percentile by Number Answered

Percent of People with Each Score

Your Score History

You have not taken this quiz since the last reset